Sound Of Sugar/ (Record no. 202468)

MARC details
000 -LEADER
fixed length control field 00521 a2200181 4500
005 - DATE AND TIME OF LATEST TRANSACTION
control field 20240501142906.0
010 ## - LCCN (DPL NO)
LC control number ENG-140237
020 ## - INTERNATIONAL STANDARD BOOK NUMBER
International Standard Book Number 9788196129149
Terms of availability 250.00
035 ## - SYSTEM CONTROL NUMBER
System control number EN-123769
037 ## - SOURCE OF ACQUISITION
Source of stock number/acquisition DBAD
082 14 - DEWEY DECIMAL CLASSIFICATION NUMBER
Classification number 881
100 1# - MAIN ENTRY--PERSONAL NAME
Personal name Gharpure, Gauri
245 1# - TITLE STATEMENT
Title Sound Of Sugar/
Statement of responsibility, etc By Gauri Gharpure,
260 ## - PUBLICATION, DISTRIBUTION, ETC. (IMPRINT)
Place of publication, distribution, etc Kolkata
Name of publisher, distributor, etc Writers Workshop
Date of publication, distribution, etc 2023
270 ## - ADDRESS
Address 162/42, Lake Gardens,
City Calcutta - 700 045
State or province West Bengal
300 ## - PHYSICAL DESCRIPTION
Extent 60p.
Dimensions 22cm(Hb)
942 ## - ADDED ENTRY ELEMENTS (KOHA)
Institution code [OBSOLETE] dpl
Item type English Books
Source of classification or shelving scheme Dewey Decimal Classification
Classification part 881
Call number suffix GHA
Holdings
Withdrawn status Lost status Not for loan Collection code Home library Current library Date acquired Source of acquisition Cost, normal purchase price Full call number Barcode Copy number Cost, replacement price Koha item type
      Non-fiction Central Library Central Library 01/05/2024 DBAD 250.00 881 GHA EN-123769 1 250.00 English Books

© Delhi Public Library
Hit Counter
free hit counter